[Event "Tournament (open)"]
[Site "masterchessopen.com – Zhukovsky (Russia)"]
[Round "4"]
[White "Mikhedov Konstantin (RUS)"]
[Black "Zhukovsky Viacheslav (RUS)"]
[Result "1-0"]
[WhiteElo "2346"]
[BlackElo "2071"]

1.e4 e6 2.d4 d5 3.Nd2 Nc6 4.Ngf3 Nf6 5.e5 Ne4 6.c3 Nxd2 7.Bxd2 f6 8.exf6 gxf6
9.Nh4 Qe7 10.Be2 b6 11.O-O Bg7 12.Bh5+ Kd8 13.Re1 e5 14.dxe5 fxe5 15.Nf3 Be6
16.Ng5 Bg8 17.Qa4 Qd6 18.Rad1 h6 19.Nf7+ Bxf7 20.Bxf7 Ne7 21.Be3 c6 22.Bxb6+
Kd7 23.Qg4+ {#r} 1-0

[Event "It (open)"]
[Site "masterchessopen.com – Montigny le Bretonneux (France)"]
[Date "2008.12.28"]
[Round "4"]
[White "Fayolle Guy (FRA)"]
[Black "Thomas Vincent (FRA)"]
[Result "1-0"]
[WhiteElo "1886"]
[BlackElo "1920"]

1.e4 e6 2.d4 d5 3.Nd2 Nc6 4.Ngf3 Nf6 5.e5 Nd7 6.c3 f6 7.exf6 Qxf6 8.Nb3 Bd6
9.Bg5 Qf7 10.Qd2 e5 11.dxe5 Ncxe5 12.Nxe5 Nxe5 13.O-O-O Be6 14.Nd4 Bd7 15.Nb5
Bxb5 16.Bxb5+ c6 17.f4 Ng6 18.f5 Ne5 19.Bd3 Nxd3+ 20.Qxd3 O-O 21.g4 Be7 22.h4
Bxg5+ 23.hxg5 Rae8 24.Rxh7 Qe7 25.f6 Rxf6 26.gxf6 Qxf6 27.Rdh1 {#r} 1-0

[Event "Ch Niedersachsen (open)"]
[Site "masterchessopen.com – Verden (Germany)"]
[Date "2009.01.06"]
[Round "7"]
[White "Hesse Juergen (GER)"]
[Black "Issing Peter (GER)"]
[Result "0-1"]
[WhiteElo "2080"]
[BlackElo "2291"]

1.e4 e6 2.d4 d5 3.Nd2 Nc6 4.Ngf3 Nf6 5.e5 Ne4 6.Bd3 Nxd2 7.Bxd2 Nb4 8.Be2 c5
9.O-O Bd7 10.Kh1 Nc6 11.Be3 cxd4 12.Bxd4 Nxd4 13.Qxd4 Be7 14.Bd3 O-O 15.Rae1
Qc7 16.c3 a5 17.Qg4 Rfb8 18.Nd4 b5 19.f4 Rb6 20.Re3 g6 21.f5 exf5 22.Nxf5 Bf8
23.Nd4 Bg7 24.Ref3 Rf8 25.Rf6 Bxf6 26.exf6 Qe5 27.Qh4 Qh5 28.Qg3 Re8 29.h3 Qe5
30.Qh4 b4 {#R} 0-1

[Event "Tournament (Elo) (a)"]
[Site "masterchessopen.com – Nevinomyssk (Russia)"]
[Date "2009.02.21"]
[Round "1"]
[White "Sarmutkin Sergey (RUS)"]
[Black "Steyn Valery (RUS)"]
[Result "0-1"]
[WhiteElo "2010"]
[BlackElo "2111"]

1.e4 e6 2.d4 d5 3.Nd2 Nc6 4.Ngf3 Nf6 5.e5 Nd7 6.c3 f6 7.Bb5 fxe5 8.Bxc6 bxc6
9.dxe5 Ba6 10.Qa4 Bb5 11.Qg4 Nc5 12.c4 dxc4 13.O-O Qd5 14.Rd1 O-O-O 15.Re1 Nd3
16.Re4 Bc5 17.Re2 c3 18.bxc3 Nxc1 19.Re4 Ne2+ 20.Kh1 Nxc3 21.Ree1 h5 22.Qg5
Bxf2 23.Rec1 Ne2 24.Rcb1 h4 25.a4 Ng3+ {#R} 0-1

[Event "Ch Karelia"]
[Site "masterchessopen.com – Petrozavodsk (Russia)"]
[Date "2009.02.23"]
[Round "4"]
[White "Sharshutin Sergey M (RUS)"]
[Black "Pimenov Revolt (RUS)"]
[Result "0-1"]
[WhiteElo "2015"]
[BlackElo "2182"]

1.e4 e6 2.d4 d5 3.Nd2 Nc6 4.Ngf3 Nf6 5.e5 Nd7 6.Bb5 f5 7.exf6 Qxf6 8.c3 Bd6
9.O-O O-O 10.h3 a6 11.Be2 Ne7 12.Nh2 e5 13.Ndf3 e4 14.Ng4 Qg6 15.Nfh2 Nf5
16.Ne3 Nf6 17.Kh1 Ng3+ 18.fxg3 Qxg3 19.Neg4 Bxg4 {#R} 0-1

[Event "Bundesliga 2008/09 (w)"]
[Site "masterchessopen.com – Germany"]
[Date "2009.03.08"]
[Round "9"]
[White "Kubikova Alena (CZE)"]
[Black "Hegeler Anja (GER)"]
[Result "1-0"]
[WhiteElo "2113"]
[BlackElo "2181"]

1.e4 e6 2.d4 d5 3.Nd2 Nc6 4.Ngf3 Nf6 5.e5 Nd7 6.c3 f6 7.exf6 Qxf6 8.Be2 Bd6
9.Nf1 O-O 10.Ng3 Ne7 11.O-O e5 12.Bg5 Qe6 13.dxe5 Nxe5 14.Nd4 Qg6 15.f4 Nc4
16.Bh5 Ne3 17.Qe2 Nxf1 18.Bxg6 Nxg3 19.Bxh7+ Kxh7 20.hxg3 g6 21.Bxe7 Re8 22.f5
Rxe7 23.fxg6+ Kxg6 24.Qf3 c6 25.Rf1 Be5 26.Nf5 Rh7 27.Qg4+ Kf7 28.Nd6+ {#r}
1-0

[Event "Ch SZFO"]
[Site "masterchessopen.com – St. Petersburg (Russia)"]
[Date "2009.03.23"]
[Round "1"]
[White "Uliashov Dmitriy (RUS)"]
[Black "Zgiharev Valeriy (RUS)"]
[Result "0-1"]
[WhiteElo "2274"]
[BlackElo "2197"]

1.e4 e6 2.d4 d5 3.Nd2 Nc6 4.Ngf3 Nf6 5.e5 Nd7 6.c3 f6 7.exf6 Qxf6 8.Bb5 Bd6
9.O-O O-O 10.Re1 e5 11.Qb3 Qf7 12.Rf1 Kh8 13.Bxc6 bxc6 14.dxe5 Nxe5 15.Nxe5
Bxe5 16.Qa4 Qg6 17.Qh4 Ba6 18.Rd1 Rf5 19.h3 Raf8 20.Nf1 Rxf2 21.Qxf2 Rxf2
22.Kxf2 Qf5+ 23.Kg1 Bxf1 24.Be3 Bd3 25.Bxa7 h6 26.a4 Be4 27.Be3 Qg6 28.Rd2 Qg3
{#R} 0-1

[Event "Ch France (team) (nat.1) 2008/09"]
[Site "masterchessopen.com – France"]
[Date "2009.04.05"]
[Round "11"]
[White "Lefebvre Herve (FRA)"]
[Black "Heinis Vincent (FRA)"]
[Result "1-0"]
[WhiteElo "2279"]
[BlackElo "2181"]

1.e4 e6 2.d4 d5 3.Nd2 Nc6 4.Ngf3 Nf6 5.e5 Nd7 6.Be2 f6 7.exf6 Qxf6 8.Nf1 Bd6
9.Ne3 O-O 10.O-O Qg6 11.c4 Nf6 12.b3 Ne4 13.Bb2 Qh6 14.Ng4 Qf4 15.Nge5 g5
16.h3 Nxe5 17.dxe5 Bc5 18.cxd5 h5 19.Rc1 g4 20.hxg4 hxg4 21.Rc4 Bxf2+ 22.Rxf2
g3 23.Qd3 gxf2+ 24.Kf1 Ng3+ 25.Kxf2 Qg5 26.Rxc7 Nf5 27.Nxg5 {#r} 1-0

[Event "Ch Romania (juniors) (under 16) (g)"]
[Site "masterchessopen.com – Voineasa (Romania)"]
[Date "2009.04.09"]
[Round "2"]
[White "Lucian-Hoffmann Monica"]
[Black "Anton Roxana-Ana"]
[Result "1-0"]
[WhiteElo "1734"]
[BlackElo "1710"]

1.e4 e6 2.d4 d5 3.Nd2 Nc6 4.Ngf3 Nf6 5.e5 Nd7 6.c3 Be7 7.Bd3 a6 8.a4 a5 9.O-O
Na7 10.Nb3 c5 11.dxc5 Nxc5 12.Nxc5 Bxc5 13.Nd4 Qc7 14.Re1 Qb6 15.Qg4 Kf8
16.Qh4 Nc6 17.Nb5 Ne7 18.b4 Bxf2+ 19.Qxf2 Qxf2+ 20.Kxf2 Nc6 21.Ba3 Kg8 22.Nc7
{#r} 1-0

[Event "Ch Russia (juniors) (under 18) (1 league)"]
[Site "masterchessopen.com – Dagomys (Russia)"]
[Date "2009.04.20"]
[Round "6"]
[White "Burger Konstantin (RUS)"]
[Black "Matveev Stanislav (RUS)"]
[Result "0-1"]
[WhiteElo "2192"]
[BlackElo "2171"]

1.e4 e6 2.d4 d5 3.Nd2 Nc6 4.Ngf3 Nf6 5.e5 Nd7 6.Bd3 f6 7.exf6 Qxf6 8.Nf1 e5
9.dxe5 Ndxe5 10.Nxe5 Nxe5 11.Qe2 Be6 12.Ng3 O-O-O 13.O-O Bd6 14.Be3 Nxd3
15.Qxd3 h5 16.Bd4 Qf7 17.f4 h4 18.Ne2 Bf5 19.Qc3 Rh6 20.Rf2 Qe7 21.a3 Re6
22.Kf1 Re8 23.Ng1 Re4 24.Bxa7 Bd7 25.Nf3 Bxf4 26.Bd4 g5 27.Qa5 Bc6 28.Bc3 Be3
29.Re2 Ra4 {#R} 0-1

[Event "Ch Russia (juniors) (under 16) (g)"]
[Site "masterchessopen.com – Dagomys (Russia)"]
[Date "2009.04.22"]
[Round "8"]
[White "Azimova Karina (RUS)"]
[Black "Bakunina Albina (RUS)"]
[Result "1-0"]
[WhiteElo "1941"]
[BlackElo "1921"]

1.e4 e6 2.d4 d5 3.Nd2 Nc6 4.Ngf3 Nf6 5.e5 Nd7 6.c3 f6 7.exf6 Qxf6 8.Be2 Bd6
9.Nf1 O-O 10.Ng3 Ne7 11.c4 c6 12.O-O e5 13.cxd5 cxd5 14.Bg5 Qe6 15.Bxe7 Bxe7
16.dxe5 Nxe5 17.Nxe5 Qxe5 18.Bf3 Be6 19.Re1 Qxb2 20.Rxe6 Bf6 21.Rb1 Qa3
22.Bxd5 Kh8 23.Ne4 Bd8 24.Qb3 Qa5 25.Qb4 {#r} 1-0

[Event "Tournament (open)"]
[Site "masterchessopen.com – Rio de Janeiro (Brazil)"]
[Date "2009.04.25"]
[Round "7"]
[White "Bil Angelo (BRA)"]
[Black "Santos Filho Tadeu Souza (BRA)"]
[Result "0-1"]
[WhiteElo "2197"]
[BlackElo "2148"]

1.e4 e6 2.d4 d5 3.Nd2 Nc6 4.Ngf3 Nf6 5.e5 Nd7 6.Nb3 a5 7.a4 f6 8.Bb5 Na7 9.Be2
b6 10.O-O c5 11.c4 cxd4 12.exf6 Qxf6 13.Bg5 Qf7 14.cxd5 e5 15.Nxe5 Nxe5 16.Bh5
g6 17.Re1 Bg7 18.f4 O-O 19.fxe5 Qf2+ 20.Kh1 gxh5 21.Be3 dxe3 {#R} 0-1

[Event "Ch Netherlands (juniors) (under 21) (g)"]
[Site "masterchessopen.com – Venlo (Netherlands)"]
[Date "2009.04.25"]
[Round "2"]
[White "Dirksen Marieke (NED)"]
[Black "Hortensius Lisa (NED)"]
[Result "0-1"]
[WhiteElo "1928"]
[BlackElo "2033"]

1.e4 e6 2.d4 d5 3.Nd2 Nc6 4.Ngf3 Nf6 5.e5 Nd7 6.Be2 f6 7.exf6 Qxf6 8.Nf1 h6
9.h4 Bd6 10.Ne3 Nb6 11.c4 dxc4 12.Nxc4 Nxc4 13.Bxc4 Bd7 14.Be3 O-O-O 15.a3 g5
16.hxg5 hxg5 17.Rxh8 Rxh8 18.Bxg5 Qf5 19.Qd2 Rh1+ 20.Bf1 Na5 21.Qe3 Bb5
22.O-O-O Ba4 23.b3 Bxb3 24.Bd3 Rxd1+ 25.Kb2 Qxd3 26.g3 Nc4# 0-1

[Event "Ch Germany (juniors) (Internet) (under 25) (qual1)"]
[Site "masterchessopen.com – Internet"]
[Date "2009.05.10"]
[Round "6"]
[White "Rudolf Sebastian (GER)"]
[Black "Meinhardt Maximilian (GER)"]
[Result "0-1"]
[WhiteElo "2162"]
[BlackElo "2406"]

1.e4 e6 2.d4 d5 3.Nd2 Nc6 4.Ngf3 Nf6 5.e5 Nd7 6.Be2 f6 7.exf6 Nxf6 8.Nf1 Bd6
9.Ng3 O-O 10.O-O e5 11.dxe5 Nxe5 12.Bg5 c6 13.c3 Qb6 14.Qd2 Neg4 15.h3 Bxg3
16.hxg4 Nxg4 17.Nd4 Rxf2 18.Be3 Rxf1+ 19.Rxf1 Qd8 20.Bg5 Qe8 21.Nf5 Bxf5
22.Rxf5 Qh5 23.Bxg4 Qxg4 24.Rf3 Re8 25.Be3 Qh4 26.Qd4 Qh2+ 27.Kf1 Qh1+ 28.Bg1
Re1# 0-1

[Event "Ch Germany (juniors) (Internet) (under 25) (qual3)"]
[Site "masterchessopen.com – Internet"]
[Date "2009.05.17"]
[Round "5"]
[White "Grimberg Boris (GER)"]
[Black "Hoffmann Paul (GER)"]
[Result "1-0"]
[WhiteElo "2390"]
[BlackElo "2333"]

1.e4 e6 2.d4 d5 3.Nd2 Nc6 4.Ngf3 Nf6 5.e5 Nd7 6.Be2 f6 7.exf6 Qxf6 8.Nf1 Bd6
9.Ne3 O-O 10.O-O Bf4 11.g3 Bxe3 12.Bxe3 h6 13.Bf4 Qd8 14.h4 Rxf4 15.gxf4 Qf6
16.Qd2 Nf8 17.h5 Bd7 18.Ne5 Be8 19.Qe3 Qf5 20.Bg4 Qxc2 21.Rfc1 Qxb2 22.Rab1
Qxa2 23.Rxb7 Qa6 24.Rxc7 Na5 25.Qg3 {#r} 1-0

[Event "Cup Serbia (team)"]
[Site "masterchessopen.com – Sombor (Serbia)"]
[Date "2009.05.21"]
[Round "4"]
[White "Solak Dragan (SRB)"]
[Black "Ilic Dragan (SRB)"]
[Result "1-0"]
[WhiteElo "2588"]
[BlackElo "2360"]

1.e4 e6 2.d4 d5 3.Nd2 Nc6 4.Ngf3 Nf6 5.e5 Nd7 6.c3 f6 7.exf6 Qxf6 8.Bd3 Bd6
9.Qc2 e5 10.O-O g6 11.Qb3 Nb6 12.dxe5 Nxe5 13.Nxe5 Bxe5 14.a4 Be6 15.Nf3 Bd6
16.Bh6 Kd7 17.a5 Nc4 18.Bxc4 dxc4 19.Qb5+ Kc8 20.a6 Rb8 21.Be3 Qf5 22.Nd4 Qd5
23.Rfd1 bxa6 24.Qxa6+ Kd7 25.Qa4+ Kc8 26.Nc6 Qh5 {#r} 1-0

[Event "Ch Chigorin Chess Club"]
[Site "masterchessopen.com – St. Petersburg (Russia)"]
[Date "2009.05.24"]
[Round "5"]
[White "Vlasov Egor (RUS)"]
[Black "Pimenov Revolt (RUS)"]
[Result "1-0"]
[WhiteElo "2283"]
[BlackElo "2182"]

1.e4 e6 2.d4 d5 3.Nd2 Nc6 4.Ngf3 Nf6 5.e5 Nd7 6.Be2 f6 7.exf6 Qxf6 8.Nf1 Bd6
9.Ne3 O-O 10.O-O Ne7 11.Ng4 Qf5 12.Nh4 Qf7 13.f4 Kh8 14.Ne5 Qf6 15.Nhf3 Ng6
16.Ng5 h6 17.Bd3 Ne7 18.Qh5 Nf5 19.g4 Nxd4 20.Nh7 Ne2+ 21.Kg2 Nxe5 22.Nxf6
Nxd3 23.cxd3 Nxc1 24.Ne8 Rg8 25.Nf6 {#r} 1-0

[Event "Ch Slovenia (qual)"]
[Site "masterchessopen.com – Otocec (Slovenia)"]
[Date "2009.07.09"]
[Round "4"]
[White "Rifelj Luka (SLO)"]
[Black "Suc Timothy (SLO)"]
[Result "1-0"]
[WhiteElo "1846"]
[BlackElo "1991"]

1.e4 e6 2.d4 d5 3.Nd2 Nc6 4.Ngf3 Nf6 5.e5 Nd7 6.c3 Be7 7.Bd3 f6 8.exf6 Nxf6
9.O-O O-O 10.Re1 Bd6 11.Ne5 Bd7 12.Qe2 Be8 13.Ndf3 Bxe5 14.dxe5 Nd7 15.Ng5 Nc5
16.Bxh7+ Kh8 17.b4 {#r} 1-0

[Event "Cup Hokim (open)"]
[Site "masterchessopen.com – Tashkent (Uzbekistan)"]
[Date "2009.07.18"]
[Round "2"]
[White "Lebedev Boris (UZB)"]
[Black "Saidov Beqali (UZB)"]
[Result "0-1"]
[WhiteElo "2113"]
[BlackElo "2335"]

1.e4 e6 2.d4 d5 3.Nd2 Nc6 4.Ngf3 Nf6 5.e5 Nd7 6.Nb3 f6 7.Bb5 Be7 8.O-O fxe5
9.dxe5 O-O 10.Bxc6 bxc6 11.Nbd4 Nb8 12.c3 c5 13.Nb3 c4 14.Nbd4 c5 15.Ne2 Nc6
16.Nf4 Rf5 17.g4 Rf7 18.Kg2 Qf8 19.Kg3 Bd7 20.Re1 Qb8 21.Kg2 d4 22.cxd4 cxd4
23.Nxd4 Nxe5 24.Qe2 Bd6 25.Nfxe6 Nd3 26.Rf1 Qb7+ 27.Kg1 Re8 28.f4 Qb6 29.f5
Bxe6 {#R} 0-1

[Event "It (open)"]
[Site "masterchessopen.com – Tibor (Czech Republic)"]
[Date "2009.08.05"]
[Round "5"]
[White "Kupilik Jiri (CZE)"]
[Black "Loskot Petr (CZE)"]
[Result "0-1"]
[WhiteElo "1953"]
[BlackElo "2073"]

1.e4 e6 2.d4 d5 3.Nd2 Nc6 4.Ngf3 Nf6 5.e5 Nd7 6.c3 f6 7.exf6 Qxf6 8.Bd3 Bd6
9.Nb3 O-O 10.Bg5 Qf7 11.Qc2 Qh5 12.O-O-O e5 13.Bf5 Nb6 14.Bxc8 Raxc8 15.Be3 e4
16.Ng5 Rce8 17.Nc5 Nc4 18.g4 Qg6 19.h4 h6 20.Nd7 Nxe3 21.Nxf8 Rxf8 22.fxe3
hxg5 23.hxg5 Qxg5 24.Rh3 Rf6 25.Qb3 Rf3 26.Rxf3 exf3 27.Qxb7 Qxe3+ 28.Kc2 Qe4+
29.Rd3 f2 30.Qa8+ {#R} 0-1

[Event "Ch European Union (juniors) (under 12)"]
[Site "masterchessopen.com – Mureck (Austria)"]
[Date "2009.08.08"]
[Round "4"]
[White "Sagadijeva Anna (EST)"]
[Black "Bellaiche Elise (FRA)"]
[Result "0-1"]
[WhiteElo "2106"]
[BlackElo "1823"]

1.e4 e6 2.d4 d5 3.Nd2 Nc6 4.Ngf3 Nf6 5.e5 Nd7 6.c3 f6 7.exf6 Qxf6 8.Bd3 Bd6
9.O-O e5 10.dxe5 Ndxe5 11.Nxe5 Nxe5 12.Be2 O-O 13.Nf3 Nxf3+ 14.Bxf3 c6 15.Be3
Bd7 16.Bd4 Qf4 17.g3 Qxf3 18.Qxf3 Rxf3 19.Rae1 Bh3 {#R} 0-1

[Event "It (open)"]
[Site "masterchessopen.com – Latschach (Austria)"]
[Date "2009.08.09"]
[Round "3"]
[White "Casagrande Fabio (ITA)"]
[Black "Kulon Boguslaw (POL)"]
[Result "0-1"]
[WhiteElo "1995"]
[BlackElo "2153"]

1.e4 e6 2.d4 d5 3.Nd2 Nc6 4.Ngf3 Nf6 5.e5 Nd7 6.Bb5 a5 7.O-O Na7 8.Bd3 c5 9.c4
cxd4 10.cxd5 Nc5 11.dxe6 Bxe6 12.Bc4 Nc6 13.Bb5 Be7 14.Nb3 Bxb3 15.axb3 Ne6
16.Qc2 O-O 17.Bxc6 Rc8 18.Qe4 Rxc6 19.Bd2 Nc5 20.Qxd4 Nxb3 21.Qxd8 Rxd8
22.Rad1 Nxd2 23.Rxd2 Rxd2 24.Nxd2 Rc2 25.Nb3 a4 26.Nd4 Rxb2 27.Nf5 Bc5 28.Rd1
h6 {#R} 0-1

[Event "It (open)"]
[Site "masterchessopen.com – Paracin (Serbia)"]
[Date "2009.08.19"]
[Round "1"]
[White "Bozilov Novica (SRB)"]
[Black "Zlatanovic Boroljub (SRB)"]
[Result "0-1"]
[WhiteElo "2054"]
[BlackElo "2413"]

1.e4 e6 2.d4 d5 3.Nd2 Nc6 4.Ngf3 Nf6 5.e5 Nd7 6.c3 f6 7.exf6 Qxf6 8.Bb5 Bd6
9.O-O O-O 10.Qe2 e5 11.Bxc6 bxc6 12.dxe5 Nxe5 13.Nxe5 Bxe5 14.Nb3 Bf5 15.f4
Bd6 16.Be3 Rae8 17.Qf2 Bd3 18.Rfd1 Ba6 19.g3 g5 20.Kh1 Qe6 21.Bxa7 gxf4 22.Re1
fxg3 23.Qxf8+ Kxf8 24.Rxe6 Rxe6 25.hxg3 Re2 26.Nc5 Bc8 27.Nd3 Rd2 28.Nf4 Rxb2
29.a4 c5 30.a5 Rb7 {#R} 0-1

[Event "Ch Chess Club (final)"]
[Site "masterchessopen.com – Voronezh (Russia)"]
[Date "2009.10.12"]
[Round "2"]
[White "Rodin Dmitrij (RUS)"]
[Black "Vyaznikov Sergey O (RUS)"]
[Result "1-0"]
[WhiteElo "2421"]
[BlackElo "2240"]

1.e4 e6 2.d4 d5 3.Nd2 Nc6 4.Ngf3 Nf6 5.e5 Nd7 6.Bb5 a6 7.Bxc6 bxc6 8.Nb3 c5
9.O-O c4 10.Bg5 Be7 11.Na5 Nxe5 12.Nxe5 Bxg5 13.Nac6 Qf6 14.f4 Bh6 15.Qf3 Bd7
16.Nxd7 Kxd7 17.Ne5+ Kc8 18.b3 g6 19.bxc4 Bf8 20.cxd5 {#r} 1-0

[Event "Ch Slovakia (team) 2009/10 (1 liga) East"]
[Site "masterchessopen.com – Slovakia"]
[Date "2009.10.17"]
[Round "1"]
[White "Olsarova Karolina (CZE)"]
[Black "Dobes Milan (SVK)"]
[Result "1-0"]
[WhiteElo "2151"]
[BlackElo "2058"]

1.e4 e6 2.d4 d5 3.Nd2 Nc6 4.Ngf3 Nf6 5.e5 Nd7 6.c4 dxc4 7.Nxc4 Nb6 8.Nxb6 axb6
9.Bd3 Nb4 10.Bb1 c5 11.O-O Nc6 12.Bg5 Be7 13.Bxe7 Qxe7 14.dxc5 bxc5 15.Be4 Bd7
16.a3 h6 17.Rc1 O-O 18.Qb3 Na5 19.Qc3 Rfc8 20.Rfd1 Bc6 21.Nd2 b6 22.Bxc6 Nxc6
23.Nc4 Nd4 24.Rd2 Qa7 25.Nd6 Rd8 26.f4 Qa4 27.Rf1 Qc6 28.Rxd4 {#r} 1-0

[Event "Ch World (juniors) (under 14)"]
[Site "masterchessopen.com – Kemer (Turkey)"]
[Date "2009.11.14"]
[Round "3"]
[White "Rindlisbacher Lars (SUI)"]
[Black "Al-Tarbosh Ward (SYR)"]
[Result "1-0"]
[WhiteElo "2070"]
[BlackElo "2173"]

1.e4 e6 2.d4 d5 3.Nd2 Nc6 4.Ngf3 Nf6 5.e5 Nd7 6.Nb3 Be7 7.Bd3 O-O 8.O-O Nb4
9.Be2 f5 10.exf6 Bxf6 11.Bf4 Re8 12.Ne5 Nxe5 13.Bxe5 Bxe5 14.dxe5 Rf8 15.f4
Nc6 16.Rb1 Qh4 17.Qd2 Ne7 18.Rf3 g6 19.Rbf1 Qh6 20.Qc3 c6 21.Qc5 Qg7 22.a4 Rd8
23.Rg3 b6 24.Qe3 Qh6 25.Rh3 {#r} 1-0

[Event "It (open)"]
[Site "masterchessopen.com – Tenerife (Spain)"]
[Date "2009.12.22"]
[Round "4"]
[White "Tatai Stefano (ITA)"]
[Black "Ramirez Alvarez Roberto (ESP)"]
[Result "1-0"]
[WhiteElo "2359"]
[BlackElo "2089"]

1.e4 e6 2.d4 d5 3.Nd2 Nc6 4.Ngf3 Nf6 5.e5 Nd7 6.Nb3 a5 7.a4 Be7 8.h4 f6 9.Bf4
b6 10.g3 Nf8 11.h5 Bd7 12.Qd2 Nb4 13.c3 Na6 14.h6 g6 15.exf6 Bxf6 16.Be5 Bxe5
17.Nxe5 Qe7 18.Rh4 Nb8 19.Rf4 Bc8 20.Rf7 Qd6 21.Rg7 {#r} 1-0

[Event "Ch Germany (juniors) (club) (under 16)"]
[Site "masterchessopen.com – Verden/Aller (Germany)"]
[Date "2009.12.27"]
[Round "1"]
[White "Finke Kai"]
[Black "Mundorf Johannes (GER)"]
[Result "0-1"]
[WhiteElo "1659"]
[BlackElo "1796"]

1.e4 e6 2.d4 d5 3.Nd2 Nc6 4.Ngf3 Nf6 5.e5 Nd7 6.Bb5 a6 7.Bxc6 bxc6 8.Nb3 c5
9.Bg5 f6 10.exf6 gxf6 11.Be3 c4 12.Nc1 Bd6 13.Bh6 Qe7 14.Ne2 Bb7 15.Ng3 O-O-O
16.c3 Rhg8 17.Qc2 f5 18.Qd2 Qf7 19.Ng5 Qg6 20.Nh3 e5 21.Qg5 f4 22.Nf5 Qf7
23.Nxd6+ cxd6 24.Qh4 Rg6 25.g4 fxg3 26.hxg3 Qf3 27.O-O Rdg8 28.Ng5 Qf6 29.Nxh7
Qxh4 {#R} 0-1

[Event "Tournament (open)"]
[Site "masterchessopen.com – Zhukovsky (Russia)"]
[Round "7"]
[White "Andreev Gennadiy (RUS)"]
[Black "Zhukovsky Viacheslav (RUS)"]
[Result "0-1"]
[WhiteElo "2031"]
[BlackElo "2157"]

1.e4 e6 2.d4 d5 3.Nd2 Nc6 4.Ngf3 Nf6 5.e5 Nd7 6.Bb5 Ne7 7.O-O c6 8.Bd3 c5 9.c3
Nc6 10.Qe2 Be7 11.Bb1 cxd4 12.cxd4 Qb6 13.Nb3 a5 14.Be3 a4 15.Nc1 Na5 16.Bd3
Nb8 17.Nd2 Nbc6 18.Qg4 g6 19.Bh6 Qxd4 20.Qh3 Qxe5 21.Nf3 Qxb2 22.Rb1 Qc3
23.Bd2 Qc5 24.Bb5 Bf6 25.Nd3 Qe7 {#R} 0-1

[Event "It (open)"]
[Site "masterchessopen.com – Osijek (Croatia)"]
[Date "2010.01.25"]
[Round "4"]
[White "Leventic Ivan (CRO)"]
[Black "Pandurevic Miro (CRO)"]
[Result "1-0"]
[WhiteElo "2498"]
[BlackElo "2254"]

1.e4 e6 2.d4 d5 3.Nd2 Nc6 4.Ngf3 Nf6 5.e5 Nd7 6.Be2 f6 7.exf6 Qxf6 8.Nf1 Bd6
9.Ne3 O-O 10.O-O Qg6 11.c4 dxc4 12.Nxc4 Bf4 13.Re1 b5 14.d5 Nb4 15.dxe6 Qxe6
16.Bxf4 Rxf4 17.Qd2 Qf6 18.Qxb4 Rb8 19.Qa5 bxc4 20.Qxc7 Qf8 21.Bxc4+ Kh8
22.Bb3 Rb7 23.Qc3 Nc5 24.Rac1 Rc7 25.Qe5 Rc6 26.Qxf4 Rf6 27.Qc7 Nxb3 28.Qxc8
{#r} 1-0

[Event "Memorial Francisco Benko (open)"]
[Site "masterchessopen.com – Buenos Aires (Argentina)"]
[Date "2010.02.15"]
[Round "3"]
[White "Obregon Andres Carlos (ARG)"]
[Black "Quenallata Luciano (ARG)"]
[Result "1-0"]
[WhiteElo "2439"]
[BlackElo "2233"]

1.e4 e6 2.d4 d5 3.Nd2 Nc6 4.Ngf3 Nf6 5.e5 Nd7 6.Be2 Be7 7.Nf1 f6 8.exf6 Bxf6
9.Ne3 O-O 10.O-O Ne7 11.Ng4 Ng6 12.Bd3 c5 13.c3 Qc7 14.g3 Re8 15.Bxg6 hxg6
16.Qd3 Kh7 17.Bf4 Qb6 18.h4 Qa6 19.Qe3 Nb6 20.Be5 Nc4 21.Qf4 Nxe5 22.dxe5 Be7
23.Qf7 Qc6 24.Ng5+ {#r} 1-0

[Event "Ch St. Petersburg (1/2 final)"]
[Site "masterchessopen.com – St. Petersburg (Russia)"]
[Date "2010.02.19"]
[Round "7"]
[White "Vlasov Egor (RUS)"]
[Black "Gorovykh Eduard (RUS)"]
[Result "0-1"]
[WhiteElo "2287"]
[BlackElo "2447"]

1.e4 e6 2.d4 d5 3.Nd2 Nc6 4.Ngf3 Nf6 5.e5 Nd7 6.Be2 f6 7.exf6 Qxf6 8.Nf1 b6
9.Ne3 Bb7 10.Ng4 Qg6 11.Nh4 Qe4 12.Be3 Nb4 13.Rc1 h5 14.c3 hxg4 15.cxb4 Rxh4
16.O-O Qh7 17.Bd3 Qh8 18.Bg5 Bd6 19.Bg6+ Kf8 20.Bxh4 Qxh4 21.g3 Qg5 22.Qd3 Kg8
23.h4 gxh3 24.f4 Qg4 25.Bh7+ Kh8 26.Qg6 Qe2 27.Qc2 Qg2+ 28.Qxg2 hxg2 {#R} 0-1

[Event "It (open)"]
[Site "masterchessopen.com – Erba (Italy)"]
[Date "2010.03.05"]
[Round "1"]
[White "Marholev Dimitar (BUL)"]
[Black "Radice Luca (ITA)"]
[Result "1-0"]
[WhiteElo "2407"]
[BlackElo "2040"]

1.e4 e6 2.d4 d5 3.Nd2 Nc6 4.Ngf3 Nf6 5.e5 Nd7 6.Bb5 a6 7.Ba4 f6 8.exf6 Qxf6
9.c3 Bd6 10.Nf1 O-O 11.Ne3 Ne7 12.Bc2 Ng6 13.Ng4 Qf7 14.O-O Nf6 15.Ng5 Qe8
16.Nxf6+ Rxf6 17.f4 h6 18.Nh3 Qf7 19.Nf2 Rxf4 20.Bxf4 Nxf4 21.g3 Nh5 22.Ng4
Qe8 23.Qd3 {#r} 1-0

[Event "It (open)"]
[Site "masterchessopen.com – Corsico (Italy)"]
[Date "2010.03.14"]
[Round "5"]
[White "Codenotti Marco (ITA)"]
[Black "Radice Luca (ITA)"]
[Result "1-0"]
[WhiteElo "2175"]
[BlackElo "2040"]

1.e4 e6 2.d4 d5 3.Nd2 Nc6 4.Ngf3 Nf6 5.e5 Nd7 6.Bd3 f6 7.Ng5 Ndxe5 8.dxe5 fxg5
9.Qh5+ Kd7 10.Nf3 g6 11.Qg4 Bg7 12.Bxg5 Qf8 13.O-O Nd8 14.c4 c6 15.cxd5 cxd5
16.Bb5+ Kc7 17.Rac1+ Nc6 18.Nd4 Bd7 19.Bxc6 bxc6 20.Rxc6+ Kb7 21.Rd6 Bc8
22.Nxe6 {#r} 1-0

[Event "Tournament (open) \"]
[Site "masterchessopen.com – Athens (Greece)"]
[Date "2010.03.16"]
[Round "1"]
[White "Zografos Achileas (GRE)"]
[Black "Konstantopoulos Dim"]
[Result "0-1"]
[WhiteElo "2180"]
[BlackElo "1913"]

1.e4 e6 2.d4 d5 3.Nd2 Nc6 4.Ngf3 Nf6 5.e5 Nd7 6.c4 Be7 7.a3 f6 8.exf6 Bxf6
9.Nb3 O-O 10.Be2 dxc4 11.Bxc4 Nb6 12.Bb5 Qd5 13.Bxc6 bxc6 14.O-O Nd7 15.Bd2 e5
16.Bb4 Rd8 17.dxe5 Nxe5 18.Qxd5+ cxd5 19.Nfd4 Ba6 20.Rfc1 Bc4 21.Bc3 Nd3
22.Rd1 c5 23.Ne6 Bxb3 24.Bxf6 Bxd1 25.Bxd8 Bg4 {#R} 0-1